00342cam a22001097a 4500008004000000082001300040100002200053245007600075260002800151300001000179650004300189180718b1966 xxu||||| |||| 00| 0 eng d aT39 Sa97 aSawyer, Carole A. aCommunist trade with developing countries: 1955-65cby Carole A. Sawyer aNew YorkbPraegerc1966 a126p. aForeign Commerce - Communist Countries